Category Elimination - Official Languages - Statistics

General Stats
  • This quiz has been taken 70,375 times
  • The average score is 15 of 20
Answer Stats
Group # Category % Correct
Green 37 Official language in Asia
100%
Green 22 ...that is NOT Indo-European
97%
Green 16 ...and is NOT Turkic
96%
Green 5 ...and is official in several countries
94%
Blue 35 Official languages in Europe
93%
Blue 24 ...that is official in the European Union
93%
Blue 13 ...with more than 10 million speakers
92%
Yellow 31 Official in several countries
91%
Yellow 24 ...with less than 90 million speakers
85%
Blue 6 ...and is official in only one European country
84%
Purple 47 Official outside of Asia or Europe
84%
Yellow 9 ...with more than 20 million speakers
80%
Purple 41 ...that is NOT native to Europe
75%
Yellow 3 ...its speakers are mostly Muslim
57%
Purple 29 ...is official in only one country
57%
Blue 1 ..does NOT use Latin alphabet Greek
57%
Purple 9 ...with more than 7 million speakers
51%
Yellow 1 ...uses Arabic alphabet Persian
39%
Green 1 ...uses Latin alphabet Malay
37%
Purple 1 ...starts with a unique letter Zulu
30%
No matching quizzes found
Score Distribution
Percent of People with Each Score
Percentile by Number Answered
Your Score History
You have not taken this quiz